Statistics for Biggest Cities In California

Click here to take the quiz!

General Stats

  • This quiz has been taken 40 times
  • The average score is 14 of 20

Answer Stats

PopulationCity% Correct
3,979,576Los Angeles
100%
1,423,851San Diego
100%
896,047San Francisco
100%
435,224Oakland
96%
521,769Sacramento
96%
1,021,795San Jose
93%
352,911Anaheim
82%
538,195Fresno
82%
390,233Bakersfield
75%
463,218Long Beach
75%
217,671San Bernardino
75%
330,389Santa Ana
75%
336,285Riverside
64%
303,956Irvine
57%
218,758Modesto
50%
316,996Stockton
50%
277,289Chula Vista
46%
239,525Fremont
25%
218,573Fontana
21%
212,992Moreno Valley
18%

Score Distribution

Percentile by Number Answered

Percent of People with Each Score

Your Score History

You have not taken this quiz